000 00805nam a2200229 i 4500
001 bg
100 1 _aMICHAŁKÓW, Ireneusz
245 1 0 _aBezpośrednie inwestycje zagraniczne w Polsce w dobie globalizacji /
_cIreneusz Michałków.
260 _aWarszawa :
_bWyższa Szkoła Ekonomiczna,
_c2003.
300 _a263 s. :
_bil., mapy ;
_c24 cm.
504 _aBibliogr.
650 9 _aInwestycje zagraniczne
_zPolska
_yod 1989 r.
655 _aPodręczniki akademickie
020 _a8386990589
040 _cBPK
041 0 _apol
080 _a339.727(438)"1989/...(075.8)
920 _a83-86990-58-9
942 _cKS
008 s pl f |000 0 pol
999 _c43658
_d43658
856 _uhttp://koha.tu.koszalin.pl/cgi-bin/koha/opac-detail.pl?biblionumber=43658
_yKatalog online BPK